000 00752nam a2200289Ia 4500
005 20260324112647.0
008 008 260324s9999 xx 000 0 eng d
020 _a9781003502470
037 _aEBOOK
040 _aCRL
040 _beng
040 _cCRL
041 _2eng
041 _aeng
084 _qCRL
100 _aAjay Kumar; D. K. Rajak; Parveen Kumar; Sarita Rathee
_91143622
245 0 _aSmart Electric and Hybrid Vehicles
245 0 _bDesign, Modeling, and Assessment by Industry 4.0 Approaches
260 _bTaylor and Francis
260 _c2024
365 _a
365 _b200
856 _uhttp://www.taylorfrancis.com/books/9781003502470
942 _cEBOOK
999 _c1732911
_d1732911